Transparentná fasáda továrne Volkswagen v Drážďanoch

Bibliographic Details
Main Author: Cifrová, M. (Author)
Format: Article
Language:Slovak
PhysicalDescription:Fotogr., sch.
ISSN:1335-1249
Subjects:

MARC

LEADER 00000nab a2200000 a 4500
001 vtls000834303
003 SK-MaSNL
005 20260304103545.0
008 250429c2002 xo 0 slo
015 |a SNBRB2003/05-14300 
035 |a CLN000185958 
035 |a urn:nbn:sk:snk-abafxi 
035 |a (urnnbn)urn:nbn:sk:snk:ar-008fcn 
035 |a (uuid)39fb9fdb-a524-41e8-95b8-3f43507f0875 
040 |a SNKBUCL  |b slo  |c SNKBUCL  |e AACR2 
041 0 |a slo 
044 |a xo  |c SK 
080 |a 69.022.3:691.6:725.4(430)  |2 1997 
080 |a 725.4(430)  |2 1997 
080 |a 691.6  |2 1997 
100 1 |a Cifrová, M.  |4 aut  |9 867230 
245 1 0 |a Transparentná fasáda továrne Volkswagen v Drážďanoch  |c spracovala M. Cifrová 
300 |b Fotogr., sch. 
610 7 |a Volkswagen (Drážďany, Nemecko)  |x budovy továrenské  |2 snkbucl  |9 1402130 
650 0 7 |a budovy továrenské  |x fasády transparentné  |2 snkbucl  |9 1402131 
650 0 7 |a fasády transparentné  |2 snkbucl  |9 850727 
655 7 |a články z novín a časopisov  |2 snkbucl  |9 267496 
773 0 |t Eurostav  |g Roč. 8, č. 8 (2002), s. 48-49  |x 1335-1249 
850 |a Slovenská národná knižnica 
852 |a Slovenská národná knižnica 
954 |a odborná, vedecká literatúra pôvodná (slovenská)  |2 lita 
958 |a article14 
958 |a OND 
958 |a DE 
958 |a EUIPO 
992 |a RBX 
999 |c 2849197  |d 2851127